| 000 | 02222cam a2200313 a 4500 | ||
|---|---|---|---|
| 999 |
_c12341 _d12341 |
||
| 003 | OSt | ||
| 005 | 20240117103407.0 | ||
| 008 | 070803s2008 nyua b 001 0 eng | ||
| 020 | _a9780847830299 (hbk.) | ||
| 041 | 1 |
_aeng _hfre |
|
| 042 | _alccopycat | ||
| 043 | _ae-fr--- | ||
| 082 | 0 | 4 |
_a747.092 _222 _bMAR |
| 100 | 1 | _aMartin-Vivier, Pierre-Emmanuel. | |
| 240 | 1 | 0 |
_aJean-Michel Frank. _lEnglish |
| 245 | 1 | 0 |
_aJean-Michel Frank : _bthe strange and subtle luxury of the Parisian haute-monde in the Art Deco period / _cPierre-Emmanuel Martin-Vivier ; preface by Bruno Foucart ; foreword by Alice Frank. |
| 260 |
_aNew York : _bRizzoli, _c2008. |
||
| 300 |
_a399 p. : _bill. (some col.) ; _c31 cm. |
||
| 500 | _aOriginally published: Paris, France : Norma, c2006, under title: Jean-Michel Frank : l'étrange luxe du rien. | ||
| 504 | _aIncludes bibliographical references (p. 388-393) and index. | ||
| 505 | 0 | _aJean-Michel Frank: designing the absolute: preface / Bruno Foucart -- Rediscovering an artist -- [I.] The life of Jean-Michel Frank : In the shadow of Silberman -- Jean-Michel Frank, amateur -- Jean-Michel Frank, interior designer and man about town -- [II.] The interior design of Jean -Michel Frank : The invention of a style -- The consecration of a style -- The blossoming of a style -- A collective enterprise -- The haute couture interior designer -- The stage designer -- An international career -- [III.] From concept to marketing : The designers -- The Rue Montauban Atelier -- Production and sales -- [IV.] The esthetics of renunciation : The negation of interior decoration -- Occasional quotations -- An avant-garde clientele -- Literary modernism -- [V.] Jean-Michel Frank's work as an artistic director : A designer's work -- Contributions from Frank's artists -- Frank and the French style -- The Frank moment. | |
| 600 | 1 | 0 |
_aFrank, Jean-Michel, _d1895-1941 _xCriticism and interpretation. |
| 600 | 1 | 0 |
_aFrank, Jean-Michel, _d1895-1941. |
| 650 | 0 |
_aInterior decoration _zFrance _xHistory _y20th century. |
|
| 650 | 0 |
_aFurniture design _zFrance _xHistory _y20th century. |
|
| 650 | 0 |
_aDecoration and ornament _zFrance _xArt deco. |
|
| 700 | 1 |
_aFrank, Jean-Michel, _d1895-1941. |
|
| 942 | _2ddc | ||